| 000 | 00800cam a22002777a 4500 | ||
|---|---|---|---|
| 999 |
_c330000 _d330000 |
||
| 001 | 2047978 | ||
| 003 | NUST | ||
| 005 | 20170615092034.0 | ||
| 008 | 950112s1992 pk 000 0 urdo | ||
| 010 | _a 92930829 | ||
| 020 |
_a9693501608 : _cRs150.00 |
||
| 025 | _aP-U-019604 | ||
| 040 |
_aDLC _cDLC _dDLC |
||
| 042 | _alcode | ||
| 050 | 0 | 0 | _aMLCSA 94/01581 (P) |
| 082 |
_a891.4393 _bTAR |
||
| 100 | 1 |
_aTāraṛ, Mustanṣir Ḥusain. _9369 |
|
| 245 | 1 | 0 |
_a Bahāʼo / _cMustanṣir Ḥusain Tāraṛ. |
| 260 |
_aLāhore : _bSang-i Mīl Pablīkeshanz, _c1992. |
||
| 300 |
_a272 p. ; _c22 cm. |
||
| 500 | _aNovel. | ||
| 546 | _aIn Urdu | ||
| 880 |
_6100-01\(3\r _aمستنصر حسین تارڑ |
||
| 880 |
_6245-02\(3\r _aبہاوٗ _cمستنصر حسین تارڑ |
||
| 880 |
_6260-03\(3\r _aلاہور: _bسنگ میل پبلی کیشنز، _c2009 |
||
| 906 |
_a7 _bcbc _corigode _du _encip _f19 _gy-gencatlg |
||
| 942 |
_2ddc _cBK |
||